| 000 | 00640cam a22002171 4500 | ||
|---|---|---|---|
| 001 | 4530321 | ||
| 003 | OSt | ||
| 005 | 20230627111702.0 | ||
| 008 | 730208s1960 maua 000 0 eng | ||
| 010 | _a 60005152 | ||
| 040 |
_aDLC _cDLC _dDLC |
||
| 082 | 0 | 0 |
_a336.42 _bPAR |
| 100 | 1 |
_aParkinson, C. Northcote _q(Cyril Northcote), _d1909-1993. |
|
| 245 | 1 | 4 |
_aThe law and the profits. _cIllustrated by Robert C. Osborn. |
| 260 |
_aBoston, _bHoughton Mifflin, _c1960. |
||
| 300 |
_a246 p. _billus. _c22 cm. |
||
| 650 | 0 | _aTaxation. | |
| 650 | 0 | _aEnglish wit and humor. | |
| 906 |
_a7 _bcbc _corignew _du _eocip _f19 _gy-gencatlg |
||
| 942 |
_2ddc _cBK |
||
| 999 |
_c2823 _d2823 |
||